Normal view
MARC view
- Compton Mackenzie
Entry Personal Name
001 - CONTROL NUMBER
- control field: 108592
003 - CONTROL NUMBER IDENTIFIER
- control field: NUST
005 - DATE AND TIME OF LATEST TRANSACTION
- control field: 20230203113543.0
008 - FIXED-LENGTH DATA ELEMENTS
- fixed length control field: 230203|| aca||aabn | a|a d
040 ## - CATALOGING SOURCE
- Original cataloging agency: NUST
- Transcribing agency: NUST
100 ## - HEADING--PERSONAL NAME
- Personal name: Compton Mackenzie
670 ## - SOURCE DATA FOUND
- Source citation: Work cat.: (NUST)193992: Compton Mackenzie, Greek Memories /, 1938
